000 01357nam a2200265Ia 4500
999 _c54184
_d54184
001 21240
003 GE_BSU
005 20211007122615.0
008 181216s2015||||ge |||||||||||||| ||geo||
020 _a9785937281487
040 _cGE_BSU
041 _ageo
080 _a63(075)+620.3 კ-77
100 _aკორახაშვილი, ა. (ავთანდილ)
_912607
245 _aაგრარული ნანოტექნოლოგიები :
_bსახელმძღვ. /
_cა. (ავთანდილ) კორახაშვილი ; თამაზ სამხარაძისა და გივი ბასილაძის რედაქციით.
264 _aმოსკოვი :
_bნაუჩტექლიტიზდატი,
_c2015.
300 _a170 გვ. ;
_c25 სმ.
541 _h25 ლ.
653 _aაგრარული ნანოტექნოლოგიები
653 _aნანოტექნოლოგიების გამოყენება აგრონომიაში
653 _aსოფლის მეურნეობა
700 _aსამხარაძე, თამაზ
_eრედაქტორი
_912608
700 _aბასილაძე, გივი
_eრედაქტორი
_912609
942 _cBK
_2udc